000 00757nam a22002417a 4500
999 _c15563
_d15563
003 AR-CdUCM
008 190429b ||||| |||| 00| 0 spa d
020 _a978-84-9825-750-2
040 _aMUNICIPALIDAD PROVINCIAL DEL CUSCO
_cBIBLIOTECA MUNICIPAL DEL CUSCO
082 _aPI / 376.1 /
_bG23
100 _aGanges, Montse
_933490
245 _aAcción viajamos El barco /
260 _aBarcelona :
_bCombel,
_c2012.
300 _a23 paginas ;
_bIlustraciones, graficos, dibujos
_c22 cm.
500 _aCuentos infantiles para niños
650 _aCuentos
_9217
650 _aHistoria
_9136
650 _aLiteratura
_983
700 _aLosantos, Cristina
_934671
856 _fwww.combeleditorial.com
942 _2ddc
_cLIBROS
945 _apjha
_d2019-04-29